Countries, US States, Capitals, Elements, 100 Most Common Words: Containing All Vowels - Statistics

General Stats
  • This quiz has been taken 207 times
  • The average score is 4 of 9
Answer Stats
# CHARS VOWEL ORDER ANSWER % Correct
32 E-O-A-I-U Democratic Republic of the Congo
88%
17 E-U-A-O-I Equatorial Guinea
61%
10 O-A-I-U-E Mozambique
56%
18 O-I-A-E-U Dominican Republic
51%
12 U-E-O-A-I Buenos Aires
40%
12 A-E-O-I-U Praseodymium
40%
10 E-A-O-I-U Seaborgium
38%
25 I-A-E-U-O Sri Jayawardenapura Kotte
34%
14 O-A-U-I-E Port-au-Prince
27%
No matching quizzes found
Score Distribution
Percent of People with Each Score
Percentile by Number Answered
Your Score History
You have not taken this quiz